<?xml version="1.0" encoding="UTF-8"?>
<record
    xmlns:xsi="http://www.w3.org/2001/XMLSchema-instance"
    xsi:schemaLocation="http://www.loc.gov/MARC21/slim http://www.loc.gov/standards/marcxml/schema/MARC21slim.xsd"
    xmlns="http://www.loc.gov/MARC21/slim">

  <leader>00905naa a2200169 i 4500</leader>
  <controlfield tag="001">10211</controlfield>
  <controlfield tag="003">KOSZ 005</controlfield>
  <controlfield tag="005">20180418092452.0</controlfield>
  <controlfield tag="008">180417s2000    pl a         |100 0 pol d</controlfield>
  <datafield tag="040" ind1=" " ind2=" ">
    <subfield code="a">KOSZ 005/HR</subfield>
    <subfield code="c">KOSZ 005/HR</subfield>
  </datafield>
  <datafield tag="080" ind1=" " ind2=" ">
    <subfield code="a">94(438)</subfield>
  </datafield>
  <datafield tag="100" ind1="1" ind2=" ">
    <subfield code="a">PARTACZ, Czes&#x142;aw.</subfield>
    <subfield code="d">1999 - 2007.</subfield>
    <subfield code="b">Politechnika Koszali&#x144;ska - Wydzia&#x142; Ekonomii i Zarz&#x105;dzania,</subfield>
    <subfield code="c">Katedra Nauk Spo&#x142;ecznych.</subfield>
  </datafield>
  <datafield tag="245" ind1=" " ind2=" ">
    <subfield code="a">&#x17B;o&#x142;nierze polscy wyznania greckokatolickiego, prawos&#x142;awnego, moj&#x17C;eszowego i ewangelickiego pochowani na cmentarzu wojennym &#x2013; nekropolii narodowej &#x2013; Monte Cassino we W&#x142;oszech /</subfield>
    <subfield code="c">Czes&#x142;aw Partacz.</subfield>
  </datafield>
  <datafield tag="655" ind1=" " ind2="0">
    <subfield code="a">Materia&#x142;y konferencyjne.</subfield>
  </datafield>
  <datafield tag="773" ind1="0" ind2=" ">
    <subfield code="i">W :</subfield>
    <subfield code="t">Bitwa o Monte Cassino 1944 : geneza, przebieg, opinie : I konferencja naukowa, Koszalin, 11 grudnia 2000 r. T. 1 / red. Bogus&#x142;aw Polak. -</subfield>
    <subfield code="d">Koszalin : Wydaw. Uczelniane PK, 2000. -</subfield>
    <subfield code="g">s. 213-221</subfield>
    <subfield code="z">8388283510 </subfield>
  </datafield>
  <datafield tag="942" ind1=" " ind2=" ">
    <subfield code="2">UKD</subfield>
    <subfield code="c">ROZ</subfield>
  </datafield>
  <datafield tag="999" ind1=" " ind2=" ">
    <subfield code="c">10211</subfield>
    <subfield code="d">10211</subfield>
  </datafield>
</record>
